La minería en la historia económica de zacatecas, 1546-1876 /

Gespeichert in:
Bibliographische Detailangaben
1. Verfasser: Burnes Ortiz, Arturo (autor)
Format: Buch
Sprache:Spanisch
Veröffentlicht: Zacatecas, México : Universidad Autónoma de Zacatecas, 2008, c2008
Ausgabe:3a edición
Schriftenreihe:(Contraimperio ; 4)
Schlagworte:
Tags: Tag hinzufügen
Keine Tags, Fügen Sie das erste Tag hinzu!

MARC

LEADER 00000nam^a2200000^a^4500
001 000313906
005 20250521000000.0
009 20260310113158.044
020 |a 978-970-754-028-6 
037 |a Acervo ITESO - Biblioteca 
041 |a ESP 
082 |a 972. 4303  |b BUR 
100 |a Burnes Ortiz, Arturo  |e (autor) 
245 1 3 |a La minería en la historia económica de zacatecas, 1546-1876 /  |c A. Burnes Ortiz. 
250 |a 3a edición  |b corregida y aumentada 
264 4 |a Zacatecas, México :  |b Universidad Autónoma de Zacatecas,  |c 2008, c2008 
300 |a 224 p. 
336 |a texto  |b txt  |2 rdacontenido 
337 |a sin mediación  |b n  |2 rdamedio 
338 |a volumen  |b nc  |2 rdasoporte 
440 1 |a (Contraimperio ;  |v 4) 
649 |a XX 
650 |a Minería -  |z Zacatecas -  |x Historia -  |y Epoca Colonial, 1517-1821 -  |x Tema Principal 
650 |a Minería -  |z Zacatecas -  |x Historia -  |y Siglo XIX  |x Tema Principal 
650 |a Minería -  |z México -  |x Historia -  |y Epoca Colonial, 1517-1821 
650 |a Minería -  |z México -  |x Historia -  |y Siglo XIX 
650 |a Zacatecas -  |x Historia -  |y Epoca Colonial, 1517-1821 
650 |a Zacatecas -  |x Historia -  |y Siglo XIX 
650 |a México -  |x Historia -  |y Epoca Colonial, 1517-1821 
650 |a México -  |x Historia -  |y Siglo XIX 
650 |a Zacatecas -  |x Condiciones Económicas 
650 |a México -  |x Condiciones Económicas 
910 |a Fondo General 
920 |a Impresos - Libros 
930 |a Colección General 
905 |a 101 
901 |a 0500200631  |b IT1  |c ACC  |i C126776  |u 20250521 
902 |a https://opac.biblio.iteso.mx/vufind/Record/000313906